| 000 | 00646nam a2200217 a 4500 | ||
|---|---|---|---|
| 001 | 3350 | ||
| 003 | CDMR | ||
| 005 | 20131121114221.0 | ||
| 008 | 130130s1974||||||||||||||||||||||||||||d | ||
| 020 | _a8423400727 | ||
| 040 |
_aCDMR _bcat _cCDMR |
||
| 100 | 1 |
_aSmith, Paul Lawrence _92415 |
|
| 245 | 1 | 0 |
_aRelaciones públicas en la empresa _cpor Paul I. Slee Smith ; traducido por Inmaculada L. de Rodríguez-Ibáñez |
| 260 |
_aBilbao _c1974 _bDeusto |
||
| 300 |
_a170 p ; _c22 cm |
||
| 490 | 0 | _aMarketing (Deusto) | |
| 500 | _aReimp. 1974 | ||
| 650 | 0 | 4 |
_92798 _aComunicació en l'empresa |
| 650 | 0 | 4 |
_92775 _aRelacions públiques |
| 942 |
_cMON _2udc |
||
| 999 |
_c3350 _d3350 |
||